[Event "Asuncion Clasificatorio op 6th"]
[Site "Asuncion"]
[Date "2017.07.23"]
[Round "?"]
[White "Torres, Mauricio Jose"]
[Black "Medina, Carlos Fermin"]
[Result "1-0"]
[WhiteElo "1827"]
[BlackElo "1491"]
[PlyCount "44"]
[EventDate "2017.07.21"]
[EventType "swiss"]
[EventRounds "7"]
[EventCountry "PAR"]
[SourceTitle "EXT 2023"]
[Source "ChessBase"]
[SourceDate "2022.10.05"]
[SourceVersion "1"]
[SourceVersionDate "2022.10.05"]
[SourceQuality "1"]

1. Nf3 Nf6 2. g3 c5 3. Bg2 Nc6 4. Nc3 d5 5. d4 e6 6. 0-0 Bd6 7. Bg5 b6 8. e4 dxe4 9. Nxe4 Be7 10. Bxf6 Bxf6 11. Nxf6+ gxf6 12. dxc5 Ba6 13. Qxd8+ Rxd8 14. Rfd1 bxc5 15. Rxd8+ Kxd8 16. c3 Kc7 17. Bf1 Bb7 18. Rd1 Rd8 19. Rxd8 Nxd8 20. Nd2 f5 21. f4 a5 22. Bd3 h6 1-0

[Event "Asuncion Clasificatorio op 6th"]
[Site "Asuncion"]
[Date "2017.07.22"]
[Round "?"]
[White "Riline Orso, Alejandro"]
[Black "Medina, Carlos Fermin"]
[Result "1-0"]
[WhiteElo "2147"]
[BlackElo "1491"]
[PlyCount "41"]
[EventDate "2017.07.21"]
[EventType "swiss"]
[EventRounds "7"]
[EventCountry "PAR"]
[SourceTitle "EXT 2023"]
[Source "ChessBase"]
[SourceDate "2022.10.05"]
[SourceVersion "1"]
[SourceVersionDate "2022.10.05"]
[SourceQuality "1"]

1. d4 d5 2. c4 Nf6 3. Nc3 e6 4. Nf3 c6 5. Bg5 Be7 6. Qc2 Qb6 7. cxd5 exd5 8. Bxf6 Bxf6 9. Nxd5 cxd5 10. Qxc8+ Bd8 11. Qc3 0-0 12. e3 Be7 13. a3 Nd7 14. Bd3 Rfc8 15. Qd2 Rc6 16. 0-0 Rac8 17. Bf5 Rd6 18. Ne5 Rd8 19. Nxd7 R6xd7 20. Bxd7 Rxd7 21. Rfc1 1-0